Statystyki dla XI Roku 2023 Polskich Piłkarzy (wg Tygodnika "Piłka Nożna")

Kliknij tutaj aby rozwiązać quiz!

Ogólne statystyki

  • Ten quiz został rozwiązany 65 razy
  • Średni wynik to 10 z 11

Statystyki odpowiedzi

PozycjaKlubZawodnik% Poprawnych
POAston VillaMatty Cash
100%
BRJuventusWojciech Szczęsny
100%
ŚOArsenalJakub Kiwior
98%
ŚOAston Villa/SouthamptonJan Bednarek
98%
ŚPNapoliPiotr Zieliński
98%
NBarcelonaRobert Lewandowski
98%
LO/LSLensPrzemysław Frankowski
97%
ŚPOFeyenoord/FenerbahceSebastian Szymański
95%
NCharlotteKarol Świderski
90%
ŚOHellasPaweł Dawidowicz
78%
ŚPDŁudogorecJakub Piotrowski
63%

Rozkład punktacji

Percentyl według liczby udzielonych odpowiedzi

Procent ludzi z każdym wynikiem

Twoja historia wyników

Nie rozwiązałeś tego quizu